| 000 | 00830nam a2200253Ia 4500 | ||
|---|---|---|---|
| 003 | OSt | ||
| 005 | 20220927105205.0 | ||
| 006 | a|||||r|||| 00| 0 | ||
| 007 | ta | ||
| 008 | 220926b |||||||| |||| 00| 0 eng d | ||
| 024 | _a159333 | ||
| 037 | _cReference Collections | ||
| 040 |
_aRTL _cRTL _beng |
||
| 041 |
_2eng _aeng |
||
| 082 | _a"X71 m211,N37. N88, M8.3" | ||
| 110 |
_aTAMILNADU (Government of-) _9370738 |
||
| 245 | 0 |
_aBudget _b Detailed demands for grants |
|
| 260 |
_aTamilnadu _bGovernment of Tamilnadu _c1988 |
||
| 300 |
_aVarious Pagination _ccm. |
||
| 500 | _a"Budget Publication13:270p, 14:149p, 16:66p, 18:89p, 19:188p, 20:159p, 21:274p" | ||
| 700 |
_aTAMILNADU (Government of-) _9370739 |
||
| 942 |
_h"X71 m211,N37. N88, M8.3" _cCC |
||
| 999 |
_c691052 _d691052 |
||